• 首页
  • 本馆介绍
  • 公告通知
  • 最新文献
  • 馆藏检索
  • 电子资源
  • 读者导购
  • 参考咨询
  • 我的图书馆
  • 登录
  • 详细信息显示
  • 放入我的书架
  • 预约/预借图书
  • 作者相关作品
  • 分类相关作品
  • 丛书相关作品
  • 出版社相关作品

书目信息

  • 表格格式
  • 工作单格式
  • 卡片格式
题名:
鱼类学
    
 
作者: 孟庆闻 编著
分册:  
出版信息: 上海   上海科学技术出版社  1989.3
页数: 298页
开本: 26厘米
丛书名:
单 册:
中图分类: Q959.4
科图分类:
主题词: 鱼类学
电子资源:
ISBN: 978-7-5323-0393-9
000 00804nam0 2200229 450
001 0100303682
005 20060911105603.0
010    @a978-7-5323-0393-9@dCNY6.15
100    @a19921105d1989 em y0chiy0110 ea
101 0  @achi
102    @aCN@b310000
105    @ay z 000yy
106    @ar
200 1  @a鱼类学@9Yu Lei Xue @e形态、分类@f孟庆闻等编著@b专著
210    @a上海@c上海科学技术出版社@d1989.3
215    @a298页@d26厘米
330    @a全书系统地阐述了鱼类的形度构造,内部器官结构及各器官相互关系与功能、发展过程,介绍了各鱼类在鱼类分类系统中的地位,分类特征,鉴别鱼类的方法;探讨鱼类的演化、分布、生物学和经济意义。
606 0  @a鱼类学
690    @aQ959.4@v三版
701  0 @a孟庆闻@c(女,@f1926~)@9meng qing wen@4编著
801  0 @aCN@bAiZhiMarc@c19921105
905    @aBZT@dQ959.4@e43@f1@sQ959.4/43
    
    鱼类学:形态、分类/孟庆闻等编著.-上海:上海科学技术出版社,1989.3
    298页;26厘米
    
    
    ISBN 978-7-5323-0393-9:CNY6.15
    全书系统地阐述了鱼类的形度构造,内部器官结构及各器官相互关系与功能、发展过程,介绍了各鱼类在鱼类分类系统中的地位,分类特征,鉴别鱼类的方法;探讨鱼类的演化、分布、生物学和经济意义。
●
相关链接 在五车中查询图书 在当当中查询图书 在豆瓣中查询图书


正题名:鱼类学     索取号:Q959.4/43         预约/预借

序号 登录号 条形码 馆藏地/架位号 状态 备注
1 2000114462   2000114462   旧书回溯/ [索取号:Q959.4/43] 在馆    
山东省滨州职业学院图书馆 欢迎您!
大连网信软件有限公司© 版权所有